[Event "SVK-ch sf 31st corr"]
[Site "Slovakia"]
[Date "2003.??.??"]
[Round "?"]
[White "Kovari, Emil"]
[Black "Gallo, Jan"]
[Result "1-0"]
[WhiteElo "2360"]
[BlackElo "2085"]
[PlyCount "32"]
[EventDate "2003.02.24"]
[EventType "tourn (corr)"]
[EventRounds "14"]
[EventCountry "SVK"]
[SourceTitle "Corr 2004"]
[Source "ChessBase"]
[SourceDate "2003.04.28"]
[SourceVersion "3"]
[SourceVersionDate "2003.04.28"]
[SourceQuality "1"]

1. e4 c6 2. d4 d5 3. exd5 cxd5 4. Nf3 g6 5. Bf4 Nc6 6. Bb5 Nf6 7. Ne5 Bd7 8. Nxd7 Qxd7 9. 0-0 Bg7 10. Nd2 Qf5 11. Bg3 0-0 12. Nf3 Ne4 13. c3 Qh5 14. Qb3 e6 15. Rae1 Qh6 16. Bd3 Nxg3 1-0

[Event "SVK-ch sf 31st corr"]
[Site "Slovakia"]
[Date "2003.??.??"]
[Round "?"]
[White "Kovari, Emil"]
[Black "Wurschner, Miroslav"]
[Result "1/2-1/2"]
[WhiteElo "2360"]
[BlackElo "2285"]
[PlyCount "134"]
[EventDate "2003.02.24"]
[EventType "tourn (corr)"]
[EventRounds "14"]
[EventCountry "SVK"]
[SourceTitle "Corr 2008"]
[Source "ChessBase"]
[SourceDate "2008.06.24"]
[SourceVersion "1"]
[SourceVersionDate "2008.06.24"]
[SourceQuality "1"]

1. Nf3 Nf6 2. b3 g6 3. Bb2 Bg7 4. e3 0-0 5. d4 d5 6. c4 c5 7. dxc5 Qa5+ 8. Nbd2 Qxc5 9. Rc1 Nc6 10. cxd5 Qxd5 11. Bc4 Qh5 12. 0-0 Rd8 13. Qe2 e5 14. h3 g5 15. Rfd1 g4 16. Nh2 a6 17. hxg4 Nxg4 18. Ndf1 Rxd1 19. Rxd1 Qg6 20. Bd5 Nxh2 21. Nxh2 Be6 22. Bxc6 bxc6 23. e4 f6 24. Nf1 a5 25. Qc2 Rc8 26. Rd3 c5 27. Ba3 f5 28. Rg3 Qf6 29. exf5 Bxf5 30. Qc4+ Kh8 31. Rc3 e4 32. Rc1 Qg6 33. Bxc5 h5 34. Qb5 h4 35. Ba3 Kh7 36. Ne3 Rxc1+ 37. Bxc1 Be6 38. Qxa5 h3 39. g3 Qf7 40. Qg5 h2+ 41. Kxh2 Qxf2+ 42. Ng2 Bf7 43. Qf4 Qf3 44. Be3 Qh5+ 45. Qh4 Qxh4+ 46. Nxh4 Be6 47. Ng2 Be5 48. Bc5 Kg6 49. Ne3 Kg5 50. Kg2 Bc7 51. Kf2 Bb8 52. Nc4 Kg4 53. Ke3 Bd5 54. Nd2 Bxg3 55. Nxe4 Bf7 56. Bd6 Bh4 57. Nc5 Kf5 58. a3 Bg5+ 59. Kd3 Bc1 60. a4 Ba3 61. Kc3 Bxc5 62. Bxc5 Ke6 63. b4 Kd7 64. b5 Kc7 65. Bf2 Bh5 66. Bg3+ Kb7 67. Kb3 Be2 1/2-1/2

[Event "SVK-ch sf 31st corr"]
[Site "Slovakia"]
[Date "2003.??.??"]
[Round "?"]
[White "Matusek, Jan"]
[Black "Kovari, Emil"]
[Result "0-1"]
[WhiteElo "2144"]
[BlackElo "2360"]
[PlyCount "86"]
[EventDate "2003.02.24"]
[EventType "tourn (corr)"]
[EventRounds "14"]
[EventCountry "SVK"]
[SourceTitle "Corr 2008"]
[Source "ChessBase"]
[SourceDate "2008.06.24"]
[SourceVersion "1"]
[SourceVersionDate "2008.06.24"]
[SourceQuality "1"]

1. e4 c5 2. Nf3 d6 3. d4 cxd4 4. Nxd4 Nf6 5. Nc3 g6 6. Be2 Bg7 7. 0-0 0-0 8. Be3 Nc6 9. Re1 Bd7 10. Qd2 Ng4 11. Nxc6 bxc6 12. Bg5 Qb6 13. Nd1 Rfe8 14. c3 Rad8 15. Ne3 Nf6 16. Bd3 Be6 17. Nc4 Bxc4 18. Bxc4 d5 19. exd5 cxd5 20. Bd3 e5 21. a4 Re6 22. a5 Qc7 23. Ra4 Rdd6 24. a6 Nd7 25. Rb4 Nc5 26. Be2 Ne4 27. Rb7 Qc8 28. Qc1 Nxg5 29. Qxg5 Rd7 30. Rb4 Rc7 31. Bf3 d4 32. Bb7 Qd7 33. Qc1 Bf8 34. Rb3 d3 35. Qd2 Rc4 36. Bf3 e4 37. Rb7 Qc8 38. Bd1 Rxa6 39. Bb3 Qxb7 40. Bxc4 Rf6 41. b4 a5 42. b5 Bc5 43. Rf1 Qc7 0-1

[Event "SVK-ch sf 31st corr"]
[Site "Slovakia"]
[Date "2003.??.??"]
[Round "16"]
[White "Ressler, Vladimir"]
[Black "Kovari, Emil"]
[Result "0-1"]
[WhiteElo "2203"]
[BlackElo "2360"]
[PlyCount "42"]
[EventDate "2003.02.24"]
[EventType "tourn (corr)"]
[EventRounds "14"]
[EventCountry "SVK"]
[SourceTitle "Corr 2004"]
[Source "ChessBase"]
[SourceDate "2003.04.28"]
[SourceVersion "3"]
[SourceVersionDate "2003.04.28"]
[SourceQuality "1"]

1. d4 Nf6 2. c4 e6 3. Nf3 d5 4. Nc3 Ne4 5. Qb3 Nxc3 6. bxc3 Nc6 7. Ba3 dxc4 8. Qb2 Bxa3 9. Qxa3 b5 10. e4 a6 11. Qb2 0-0 12. a4 Bd7 13. Be2 Na5 14. axb5 axb5 15. 0-0 Nb3 16. Rxa8 Qxa8 17. e5 Bc6 18. Rb1 Rd8 19. Rd1 Bb7 20. Ne1 Qa7 21. Nc2 Ra8 0-1

[Event "SVK-chT 5th B03 corr"]
[Site "Slovakia"]
[Date "2002.02.15"]
[Round "?"]
[White "Kovari, Emil"]
[Black "Zalcik, Vaclav"]
[Result "0-1"]
[WhiteElo "2354"]
[BlackElo "2126"]
[PlyCount "86"]
[EventDate "2002.02.15"]
[EventType "team (corr)"]
[EventRounds "14"]
[EventCountry "SVK"]
[SourceTitle "Corr 2004"]
[Source "ChessBase"]
[SourceDate "2003.04.28"]
[SourceVersion "3"]
[SourceVersionDate "2003.04.28"]
[SourceQuality "1"]

1. Nf3 c5 2. e4 d6 3. d4 cxd4 4. Nxd4 Nf6 5. Nc3 a6 6. Be2 e5 7. Nb3 Be7 8. 0-0 Be6 9. Be3 Nbd7 10. f4 Rc8 11. f5 Bc4 12. Bxc4 Rxc4 13. Qd3 Qc7 14. Nd2 Rc6 15. Rac1 Nc5 16. Qe2 Ncd7 17. h3 0-0 18. g4 h6 19. h4 d5 20. exd5 Rxc3 21. bxc3 Nxd5 22. Ne4 Bxh4 23. Rb1 Rc8 24. Rfd1 N7f6 25. Nxf6+ Nxf6 26. Bd2 b5 27. Rb4 Rd8 28. Rbb1 e4 29. Qg2 Rd5 30. Rf1 Qc5+ 31. Kh1 e3 32. Be1 Bxe1 33. Rfxe1 Qxc3 34. Rbd1 Rd4 35. Rxd4 Qxd4 36. Rg1 Ne4 37. Qf3 Nf2+ 38. Kh2 Qd6+ 39. Rg3 Qe5 40. Qe2 Nxg4+ 41. Kh3 h5 42. Rf3 Qd5 43. Rf1 Nf2+ 0-1

[Event "SVK-chT 5th B03 corr"]
[Site "Slovakia"]
[Date "2002.02.15"]
[Round "?"]
[White "Zalcik, Vaclav"]
[Black "Kovari, Emil"]
[Result "1/2-1/2"]
[WhiteElo "2126"]
[BlackElo "2354"]
[PlyCount "93"]
[EventDate "2002.02.15"]
[EventType "team (corr)"]
[EventRounds "14"]
[EventCountry "SVK"]
[SourceTitle "Corr 2004"]
[Source "ChessBase"]
[SourceDate "2003.04.28"]
[SourceVersion "3"]
[SourceVersionDate "2003.04.28"]
[SourceQuality "1"]

1. Nf3 Nf6 2. d4 d5 3. c4 e6 4. Nc3 Ne4 5. e3 Bb4 6. Qc2 0-0 7. a3 Bxc3+ 8. bxc3 c5 9. Bd3 f5 10. 0-0 b6 11. cxd5 exd5 12. c4 Be6 13. dxc5 Nxc5 14. Nd4 dxc4 15. Bxc4 Bxc4 16. Qxc4+ Kh8 17. Bb2 Qf6 18. Rab1 Nc6 19. Nb3 Ne5 20. Bxe5 Qxe5 21. Nxc5 bxc5 22. Rfc1 Rab8 23. Rxb8 Rxb8 24. g3 Rc8 25. Qf7 h6 26. Qxa7 c4 27. Qa6 Qc5 28. Rd1 c3 29. a4 c2 30. Rc1 Qc3 31. Qe2 Kh7 32. a5 Rc7 33. a6 Qb2 34. Qd2 Qb3 35. h4 Qa4 36. Qe2 Qb3 37. h5 Qb1 38. Qd2 Qb5 39. Kh2 f4 40. Rxc2 Qxh5+ 41. Kg1 fxg3 42. fxg3 Qg6 43. Rxc7 Qxg3+ 44. Qg2 Qxc7 45. Qe4+ Kg8 46. Qe8+ Kh7 47. Qe4+ 1/2-1/2

[Event "SVK-ch sf 27th corr"]
[Site "Slovakia"]
[Date "2001.??.??"]
[Round "?"]
[White "Kovari, Emil"]
[Black "Fenes, Ladislav"]
[Result "1/2-1/2"]
[WhiteElo "2356"]
[BlackElo "2348"]
[PlyCount "136"]
[EventDate "2001.07.16"]
[EventType "tourn (corr)"]
[EventRounds "14"]
[EventCountry "SVK"]
[SourceTitle "Corr 2008"]
[Source "ChessBase"]
[SourceDate "2008.06.24"]
[SourceVersion "1"]
[SourceVersionDate "2008.06.24"]
[SourceQuality "1"]

1. e4 c5 2. Nf3 d6 3. d4 cxd4 4. Nxd4 Nf6 5. Nc3 a6 6. Be2 e5 7. Nb3 Be7 8. 0-0 0-0 9. Qd3 Nc6 10. Nd5 a5 11. Nxe7+ Qxe7 12. Bg5 h6 13. Bxf6 Qxf6 14. Rad1 a4 15. Nd2 Be6 16. Nc4 Bxc4 17. Qxc4 a3 18. b3 Nd4 19. Qd3 Rfc8 20. Rd2 Rc5 21. c4 Qf4 22. g3 Qg5 23. f4 Qg6 24. Kh1 Rac8 25. Rfd1 b5 26. Qe3 Nxe2 27. Qxe2 exf4 28. Rxd6 Qg5 29. R6d5 Rxd5 30. Rxd5 Qg6 31. gxf4 bxc4 32. bxc4 Qf6 33. f5 Qh4 34. Rb5 Qf4 35. Rb1 Rd8 36. Rf1 Qe5 37. Qe3 Rd4 38. Re1 Qc5 39. f6 Rxc4 40. Qxc5 Rxc5 41. e5 g5 42. Re2 Rb5 43. Re3 Rb1+ 44. Kg2 Rb2+ 45. Kg3 Rxa2 46. e6 fxe6 47. Rxe6 Kf7 48. Ra6 h5 49. Kh3 Ra1 50. Kg3 h4+ 51. Kg4 a2 52. Kh3 Kg6 53. Ra8 Kxf6 54. Rf8+ Ke5 55. Rf2 Ke4 56. Rd2 Kf5 57. Rd5+ Ke4 58. Rd2 Ke3 59. Rb2 Kd3 60. Rg2 Kc3 61. Re2 Kb3 62. Re3+ Kc2 63. Re2+ Kc3 64. Re3+ Kd2 65. Ra3 Ke1 66. Ra5 Ke2 67. Re5+ Kd3 68. Ra5 Ke3 1/2-1/2

[Event "SVK-ch sf 27th corr"]
[Site "Slovakia"]
[Date "2001.??.??"]
[Round "?"]
[White "Kovari, Emil"]
[Black "Matusek, Jan"]
[Result "1-0"]
[WhiteElo "2356"]
[BlackElo "2100"]
[PlyCount "119"]
[EventDate "2001.07.16"]
[EventType "tourn (corr)"]
[EventRounds "14"]
[EventCountry "SVK"]
[SourceTitle "Corr 2008"]
[Source "ChessBase"]
[SourceDate "2008.06.24"]
[SourceVersion "1"]
[SourceVersionDate "2008.06.24"]
[SourceQuality "1"]

1. Nf3 c5 2. e4 e6 3. Nc3 Nc6 4. d4 cxd4 5. Nxd4 Bc5 6. Ndb5 Nf6 7. Nd6+ Ke7 8. Bf4 e5 9. Nf5+ Kf8 10. Bg5 Bb4 11. Nd6 Nd4 12. Nc4 Nb5 13. Qd3 h6 14. Bxf6 Qxf6 15. a3 Bxc3+ 16. bxc3 Kg8 17. a4 Nc7 18. Rd1 d5 19. exd5 Bf5 20. Qd2 Rd8 21. Ne3 Bd7 22. Rb1 b6 23. a5 Qd6 24. axb6 axb6 25. Bd3 g6 26. 0-0 Kg7 27. c4 Na6 28. Qc3 Rhe8 29. f4 f6 30. fxe5 Rxe5 31. Ra1 Nc5 32. Qd4 Rde8 33. Ng4 Bxg4 34. Qxg4 Ne4 35. Ra7+ R8e7 36. Rxe7+ Qxe7 37. g3 f5 38. Qf4 Nc5 39. Ra1 Kh7 40. Kf1 h5 41. Qd4 Kh6 42. Ra8 Qf6 43. Qf4+ Kh7 44. Rf8 Qxf8 45. Qxe5 Qd8 46. h3 Kg8 47. Kg2 Kf7 48. Kf3 Kg8 49. g4 hxg4+ 50. hxg4 fxg4+ 51. Kxg4 Kf7 52. Kg3 Qf6 53. Qc7+ Ke8 54. Qf4 Ke7 55. Qe3+ Kf7 56. Qh6 Qg7 57. Qg5 Nd7 58. Qd8 Qe5+ 59. Kg2 Nf6 60. Qxb6 1-0

[Event "SVK-ch sf 27th corr"]
[Site "Slovakia"]
[Date "2001.??.??"]
[Round "?"]
[White "Kovari, Emil"]
[Black "Zalcik, Vaclav"]
[Result "0-1"]
[WhiteElo "2356"]
[BlackElo "2176"]
[PlyCount "104"]
[EventDate "2001.07.16"]
[EventType "tourn (corr)"]
[EventRounds "14"]
[EventCountry "SVK"]
[SourceTitle "Corr 2008"]
[Source "ChessBase"]
[SourceDate "2008.06.24"]
[SourceVersion "1"]
[SourceVersionDate "2008.06.24"]
[SourceQuality "1"]

1. e4 c5 2. Nf3 Nc6 3. d4 cxd4 4. Nxd4 Nf6 5. Nc3 d6 6. Bg5 e6 7. Qd2 a6 8. Nxc6 bxc6 9. 0-0-0 h6 10. Bh4 Qa5 11. Bxf6 gxf6 12. Bc4 Bb7 13. Bb3 0-0-0 14. Rhe1 h5 15. g3 f5 16. Qd4 Rg8 17. Qf6 Rd7 18. f4 fxe4 19. Nxe4 d5 20. c3 Qc7 21. Nd2 Qd8 22. Qxd8+ Rxd8 23. Nf3 Bg7 24. Ne5 Rdf8 25. Rd2 h4 26. gxh4 Bh6 27. Rf2 f6 28. Nd3 Re8 29. Kb1 Kc7 30. Bd1 Kd6 31. b4 Re7 32. Nc5 a5 33. h5 Bc8 34. Be2 f5 35. Nd3 axb4 36. cxb4 Reg7 37. Bf1 Ra7 38. Ne5 Rg1 39. Re3 Ba6 40. Ra3 Bxf4 41. Rxf4 Kxe5 42. Rf2 Bxf1 43. Rxa7 Bd3+ 44. Kb2 Kd4 45. h6 Rg8 46. Rf4+ Ke3 47. Rh4 f4 48. Re7 Bf5 49. Rh5 Kd3 50. h7 Rh8 51. Rh4 f3 52. Rf4 Be4 0-1

[Event "SVK-ch sf 27th corr"]
[Site "Slovakia"]
[Date "2001.??.??"]
[Round "?"]
[White "Kuchyna, Stanislav"]
[Black "Kovari, Emil"]
[Result "0-1"]
[WhiteElo "2185"]
[BlackElo "2356"]
[PlyCount "48"]
[EventDate "2001.07.16"]
[EventType "tourn (corr)"]
[EventRounds "14"]
[EventCountry "SVK"]
[SourceTitle "Corr 2008"]
[Source "ChessBase"]
[SourceDate "2008.06.24"]
[SourceVersion "1"]
[SourceVersionDate "2008.06.24"]
[SourceQuality "1"]

1. e4 e5 2. Nf3 Nf6 3. Nxe5 d6 4. Nf3 Nxe4 5. d4 d5 6. Bd3 Bd6 7. 0-0 0-0 8. c4 c6 9. cxd5 cxd5 10. Nc3 Bf5 11. Qb3 Nc6 12. Qxd5 Ne7 13. Qb3 Nxc3 14. Qxc3 Rc8 15. Qb3 Be6 16. Qxb7 Bd5 17. Qa6 Bxf3 18. gxf3 Qd7 19. Bb5 Qe6 20. Rd1 Rfd8 21. Bd2 Rc2 22. Qa5 Bc7 23. Qxa7 Qh3 24. f4 Rxd2 0-1

[Event "SVK-ch sf 27th corr"]
[Site "Slovakia"]
[Date "2001.??.??"]
[Round "?"]
[White "Ressler, Vladimir"]
[Black "Kovari, Emil"]
[Result "1/2-1/2"]
[WhiteElo "2132"]
[BlackElo "2281"]
[PlyCount "157"]
[EventDate "2001.07.16"]
[EventType "tourn (corr)"]
[EventRounds "14"]
[EventCountry "SVK"]
[SourceTitle "Corr 2008"]
[Source "ChessBase"]
[SourceDate "2008.06.24"]
[SourceVersion "1"]
[SourceVersionDate "2008.06.24"]
[SourceQuality "1"]

1. d4 Nf6 2. Nf3 d5 3. c4 e6 4. Nc3 Ne4 5. e3 Bb4 6. Qb3 c5 7. cxd5 exd5 8. Bd2 Nxd2 9. Nxd2 Nc6 10. Bb5 0-0 11. 0-0 c4 12. Qa4 Bxc3 13. bxc3 Bd7 14. Rfb1 a6 15. Bxc6 Bxc6 16. Qc2 b5 17. Qf5 Re8 18. Nf3 f6 19. Rb2 Qd6 20. a3 Bd7 21. Qh5 Re7 22. Nd2 Rf8 23. Nf1 f5 24. Re2 g6 25. Qf3 Rfe8 26. Ng3 a5 27. Raa2 Bc6 28. Qf4 Re6 29. Qg5 Qe7 30. Qf4 b4 31. axb4 axb4 32. cxb4 c3 33. Rec2 Qxb4 34. Rc1 Ba4 35. Qc7 c2 36. Nf1 R6e7 37. Qg3 Rc8 38. h3 Rc3 39. Qf3 Rd7 40. Qe2 Ra3 41. Raxc2 Bxc2 42. Qxc2 Raa7 43. Qc6 Qd6 44. Qxd6 Rxd6 45. g3 Ra2 46. h4 Rb6 47. Nh2 Rbb2 48. Rf1 Kf7 49. Nf3 Kf6 50. Ne5 Ke6 51. Kg2 Re2 52. Kf3 Red2 53. Kg2 Kf6 54. Nd7+ Kf7 55. Ne5+ Kg7 56. Kg1 h6 57. Nf3 Rdc2 58. Ne5 g5 59. hxg5 hxg5 60. Nd3 Rd2 61. Nb4 Ra5 62. Nc6 Rb5 63. Ne5 g4 64. Ra1 Rb7 65. Rc1 Kh6 66. Ra1 Rbb2 67. Rf1 Kg7 68. Nd7 Kf7 69. Ne5+ Kf6 70. Nd7+ Ke7 71. Ne5 Rb6 72. Kg2 Ra6 73. Kg1 Kf6 74. Nd7+ Ke7 75. Ne5 Kd8 76. Rb1 Kc7 77. Rc1+ Kd6 78. Ng6 Raa2 79. Rf1 1/2-1/2

[Event "SVK-ch15 corr"]
[Site "Slovakia"]
[Date "2000.??.??"]
[Round "?"]
[White "Filipek, Jozef"]
[Black "Kovari, Emil"]
[Result "1-0"]
[WhiteElo "2169"]
[BlackElo "2376"]
[PlyCount "137"]
[EventDate "2000.??.??"]
[EventType "tourn (corr)"]
[EventRounds "14"]
[EventCountry "SVK"]
[EventCategory "4"]
[SourceTitle "Corr 2002"]
[Source "ChessBase"]
[SourceDate "2002.05.23"]
[SourceVersion "1"]
[SourceVersionDate "2002.05.23"]
[SourceQuality "1"]

1. e4 c5 2. Nf3 d6 3. d4 cxd4 4. Nxd4 Nf6 5. Nc3 g6 6. Be3 Bg7 7. f3 0-0 8. Qd2 Nc6 9. 0-0-0 d5 10. exd5 Nxd5 11. Nxc6 bxc6 12. Bd4 e5 13. Bc5 Be6 14. Ne4 Re8 15. h4 h6 16. g4 Qc7 17. g5 h5 18. Bc4 Rad8 19. Qf2 Rd7 20. Rd2 Red8 21. Rhd1 Bh3 22. Bb3 Be6 23. Kb1 Qa5 24. Ka1 Bf5 25. c3 Bh3 26. Qg1 Qc7 27. c4 Nf4 28. Bd6 Qa5 29. Qc5 Qa6 30. Bxe5 Ne6 31. Qe3 Rxd2 32. Nxd2 Bxe5 33. Qxe5 Nd4 34. Rc1 Be6 35. a3 Nxb3+ 36. Nxb3 Bxc4 37. Nc5 Qb5 38. Qf6 Rd2 39. Qc3 Re2 40. Rd1 Bd5 41. Nd7 Rf2 42. Nf6+ Kf8 43. Qe5 Re2 44. Nd7+ Kg8 45. Qf6 Re8 46. Qd4 Re2 47. Nf6+ Kf8 48. Nxd5 cxd5 49. Rc1 Qb6 50. Rc5 Re1+ 51. Ka2 Re2 52. Rxd5 Qxd4 53. Rxd4 Re3 54. Rf4 Kg7 55. b4 Rc3 56. Kb2 Re3 57. b5 Kf8 58. a4 Kg7 59. a5 Re5 60. Rb4 f6 61. b6 axb6 62. axb6 fxg5 63. hxg5 Re8 64. Kc3 Rb8 65. Kd4 Kf7 66. Ke5 Ke7 67. b7 Kd7 68. f4 Kc6 69. f5 1-0

[Event "SVK-ch15 corr"]
[Site "Slovakia"]
[Date "2000.??.??"]
[Round "?"]
[White "Kovari, Emil"]
[Black "Eiben, Pavel"]
[Result "1/2-1/2"]
[WhiteElo "2376"]
[BlackElo "2442"]
[PlyCount "106"]
[EventDate "2000.??.??"]
[EventType "tourn (corr)"]
[EventRounds "14"]
[EventCountry "SVK"]
[EventCategory "4"]
[SourceTitle "Corr 2002"]
[Source "ChessBase"]
[SourceDate "2002.05.23"]
[SourceVersion "1"]
[SourceVersionDate "2002.05.23"]
[SourceQuality "1"]

1. e4 e5 2. Nf3 Nc6 3. Bc4 Nf6 4. Ng5 d5 5. exd5 Na5 6. Bb5+ c6 7. dxc6 bxc6 8. Be2 h6 9. Nf3 e4 10. Ne5 Bd6 11. d4 exd3 12. Nxd3 Qc7 13. h3 0-0 14. 0-0 Bf5 15. Nd2 Rfe8 16. Re1 Rad8 17. Bf3 Rxe1+ 18. Qxe1 c5 19. Nf1 Nc6 20. Bxc6 Qxc6 21. Qa5 Rd7 22. Be3 Nd5 23. a3 Rb7 24. Qd2 c4 25. Nb4 Nxb4 26. axb4 Bxb4 27. Qd8+ Kh7 28. Rxa7 Rxa7 29. Bxa7 Bxc2 30. Ne3 Bd3 31. Qd5 Qxd5 32. Nxd5 Bd6 33. Bd4 f5 34. h4 g5 35. h5 Kg8 36. g3 Kf7 37. Nc3 f4 38. Kg2 Bf5 39. gxf4 Bxf4 40. f3 Bd6 41. Kf2 Bd7 42. Nd5 Bf8 43. Ne3 Be8 44. Kg3 Ke6 45. Kg4 Kd6 46. Bc3 Kc5 47. Be5 Bf7 48. Bc3 Be6+ 49. Kg3 Bd6+ 50. Kf2 Bf7 51. Ng4 Bxh5 52. Nxh6 Bf4 53. Nf5 Bg6 1/2-1/2

[Event "SVK-ch15 corr"]
[Site "Slovakia"]
[Date "2000.??.??"]
[Round "?"]
[White "Kovari, Emil"]
[Black "Karasek, Lubomir"]
[Result "1/2-1/2"]
[WhiteElo "2376"]
[BlackElo "2391"]
[PlyCount "86"]
[EventDate "2000.??.??"]
[EventType "tourn (corr)"]
[EventRounds "14"]
[EventCountry "SVK"]
[EventCategory "4"]
[SourceTitle "Corr 2002"]
[Source "ChessBase"]
[SourceDate "2002.05.23"]
[SourceVersion "1"]
[SourceVersionDate "2002.05.23"]
[SourceQuality "1"]

1. Nf3 g6 2. e4 Bg7 3. d4 d6 4. Bc4 Nf6 5. Nc3 0-0 6. 0-0 Nxe4 7. Nxe4 d5 8. Bxd5 Qxd5 9. Re1 Bg4 10. c3 Nd7 11. h3 Bxf3 12. Qxf3 Rad8 13. Ng5 e6 14. Qxd5 exd5 15. Bf4 c6 16. Re7 h6 17. Nf3 Rfe8 18. Rae1 Rxe7 19. Rxe7 Bf8 20. Re1 f5 21. h4 Kf7 22. Bd2 a5 23. Ne5+ Nxe5 24. dxe5 Ke6 25. f4 Be7 26. g3 b5 27. Kf2 a4 28. Ke3 c5 29. a3 d4+ 30. cxd4 Rxd4 31. Rh1 Re4+ 32. Kf2 Rd4 33. Ke2 Re4+ 34. Kd1 h5 35. Rf1 c4 36. Re1 Rd4 37. Kc2 Rd3 38. Re3 Bc5 39. Rxd3 cxd3+ 40. Kd1 Kd5 41. Ke1 Bb6 42. Bb4 Be3 43. Bc3 Ke6 1/2-1/2

[Event "SVK-ch15 corr"]
[Site "Slovakia"]
[Date "2000.??.??"]
[Round "?"]
[White "Vaclav, Juraj"]
[Black "Kovari, Emil"]
[Result "1-0"]
[WhiteElo "2297"]
[BlackElo "2376"]
[PlyCount "83"]
[EventDate "2000.??.??"]
[EventType "tourn (corr)"]
[EventRounds "14"]
[EventCountry "SVK"]
[EventCategory "4"]
[SourceTitle "Corr 2002"]
[Source "ChessBase"]
[SourceDate "2002.05.23"]
[SourceVersion "1"]
[SourceVersionDate "2002.05.23"]
[SourceQuality "1"]

1. d4 Nf6 2. c4 g6 3. Nc3 d5 4. cxd5 Nxd5 5. e4 Nxc3 6. bxc3 Bg7 7. Nf3 c5 8. Rb1 0-0 9. Be2 Nc6 10. d5 Bxc3+ 11. Bd2 Bxd2+ 12. Qxd2 Na5 13. h4 Bg4 14. h5 Bxf3 15. gxf3 e6 16. Qh6 Qf6 17. hxg6 Qxg6 18. Qh2 Kh8 19. Kd2 Qg7 20. e5 f5 21. exf6 Rxf6 22. Bd3 Rf7 23. dxe6 Re7 24. Bxh7 Nc4+ 25. Kc1 Qxh7 26. Qg2 Rg8 27. Rxh7+ Rxh7 28. Qf1 Ne5 29. f4 Nc6 30. Qc4 Nd4 31. Qxc5 Nxe6 32. Qc3+ Ng7 33. Rxb7 Rh1+ 34. Kb2 Rh5 35. Rxa7 Rh2 36. a4 Rb8+ 37. Ka3 Rh7 38. f5 Rd8 39. f6 Nh5 40. f7+ Ng7 41. Re7 Rf8 42. Re8 1-0

[Event "SVK-14ch corr9798"]
[Site "Slovakia"]
[Date "1997.??.??"]
[Round "?"]
[White "Kovari, Emil"]
[Black "Bazela, Emil"]
[Result "1-0"]
[WhiteElo "2099"]
[BlackElo "2416"]
[PlyCount "109"]
[EventDate "1997.??.??"]
[EventType "tourn (corr)"]
[EventRounds "14"]
[EventCountry "SVK"]
[EventCategory "2"]
[SourceTitle "Corr Nr. 1"]
[Source "ChessBase"]
[SourceDate "1997.09.01"]
[SourceVersion "2"]
[SourceVersionDate "2000.04.19"]
[SourceQuality "1"]

1. Nf3 Nf6 2. b3 g6 3. Bb2 Bg7 4. e4 d6 5. Be2 0-0 6. d3 c5 7. 0-0 Nc6 8. c4 b6 9. Nc3 Bb7 10. Ne1 e6 11. f4 Nd4 12. Nc2 Nd7 13. Nxd4 Bxd4+ 14. Kh1 a6 15. Bf3 b5 16. Qc2 Bc6 17. Rae1 Qh4 18. g3 Qf6 19. Bg2 bxc4 20. dxc4 Qg7 21. Ba1 Nf6 22. Bf3 Qh6 23. Ne2 Bxa1 24. Rxa1 Rad8 25. Nc3 Rfe8 26. Rae1 Bb7 27. Qf2 Rd7 28. Qg2 e5 29. g4 g5 30. fxg5 Qxg5 31. Bd1 Ree7 32. Rf5 Qc1 33. Nd5 Bxd5 34. cxd5 Ne8 35. Ref1 Rb7 36. Be2 Qd2 37. Bc4 Qxg2+ 38. Kxg2 a5 39. g5 a4 40. h4 axb3 41. axb3 Kg7 42. h5 Rb8 43. Kf3 Ra7 44. Kg4 Rbb7 45. R5f3 Ra5 46. Be2 Raa7 47. Kg3 Rb8 48. Bc4 Rbb7 49. Kh3 Kg8 50. g6 hxg6 51. hxg6 Kf8 52. Kh4 Ng7 53. Kg5 Ne8 54. Kh6 Ng7 55. Ba6 1-0

[Event "SVK-14ch corr9798"]
[Site "Slovakia"]
[Date "1997.??.??"]
[Round "?"]
[White "Kubasky, Alojz"]
[Black "Kovari, Emil"]
[Result "1/2-1/2"]
[WhiteElo "2230"]
[BlackElo "2099"]
[PlyCount "93"]
[EventDate "1997.??.??"]
[EventType "tourn (corr)"]
[EventRounds "14"]
[EventCountry "SVK"]
[EventCategory "2"]
[SourceTitle "Corr Nr. 1"]
[Source "ChessBase"]
[SourceDate "1997.09.01"]
[SourceVersion "2"]
[SourceVersionDate "2000.04.19"]
[SourceQuality "1"]

1. e4 c5 2. Nf3 d6 3. d4 cxd4 4. Nxd4 Nf6 5. Nc3 g6 6. Be3 Bg7 7. f3 0-0 8. Qd2 Nc6 9. Bc4 Na5 10. Bb3 Bd7 11. Bh6 Rc8 12. h4 Bxh6 13. Qxh6 Nxb3 14. Nxb3 a5 15. h5 a4 16. hxg6 fxg6 17. Nd5 Rf7 18. Nxf6+ exf6 19. Nd4 a3 20. b3 d5 21. exd5 Qa5+ 22. Qd2 Qxd5 23. c4 Re8+ 24. Kf2 Qd6 25. Rae1 Rfe7 26. Rxe7 Rxe7 27. Qd1 Qf4 28. Nc2 Bc6 29. Qd8+ Re8 30. Qd4 Qg5 31. Rd1 Re7 32. Nb4 Kg7 33. Nd5 Re5 34. Qf4 Bxd5 35. Qxg5 fxg5 36. cxd5 Kf6 37. d6 Re8 38. b4 Rd8 39. Rd3 Ke6 40. Rxa3 Rxd6 41. Ra7 Rd2+ 42. Ke3 Rxg2 43. Rxb7 h5 44. a4 Ra2 45. a5 h4 46. Rb5 Kf6 47. Rb6+ 1/2-1/2

[Event "SVK-14ch corr9798"]
[Site "Slovakia"]
[Date "1997.??.??"]
[Round "?"]
[White "Marek, Stanislav"]
[Black "Kovari, Emil"]
[Result "1-0"]
[WhiteElo "2221"]
[BlackElo "2099"]
[PlyCount "93"]
[EventDate "1997.??.??"]
[EventType "tourn (corr)"]
[EventRounds "14"]
[EventCountry "SVK"]
[EventCategory "2"]
[SourceTitle "Corr Nr. 1"]
[Source "ChessBase"]
[SourceDate "1997.09.01"]
[SourceVersion "2"]
[SourceVersionDate "2000.04.19"]
[SourceQuality "1"]

1. c4 Nf6 2. Nc3 e5 3. Nf3 Nc6 4. a3 d5 5. cxd5 Nxd5 6. Qc2 Nf6 7. e3 Bd6 8. Be2 0-0 9. 0-0 Be6 10. b4 a5 11. b5 Ne7 12. d4 Bf5 13. e4 exd4 14. Nxd4 Nxe4 15. Nxe4 Bxh2+ 16. Kxh2 Qxd4 17. f3 Qe5+ 18. Kh1 Bg6 19. Bb2 Qh5+ 20. Kg1 Nd5 21. Bc4 Rad8 22. Rad1 c6 23. bxc6 bxc6 24. Bxd5 cxd5 25. Qc3 f6 26. Nc5 Rfe8 27. Qxa5 Rb8 28. Rf2 Bf7 29. Bd4 Ra8 30. Qc3 Re7 31. a4 Qh4 32. a5 Rae8 33. a6 Ra8 34. Na4 Rae8 35. Nb6 Ra7 36. Ra1 h6 37. Nc8 Ra8 38. Nd6 Red8 39. Nf5 Qg5 40. Ne7+ Kh8 41. Rb2 Qf4 42. Rb7 Re8 43. a7 Kh7 44. Bxf6 Qxf6 45. Qxf6 gxf6 46. Nxd5 Kg6 47. Nb6 1-0

[Event "SVK-14ch corr9798"]
[Site "Slovakia"]
[Date "1997.??.??"]
[Round "?"]
[White "Rakay, Kvetoslav"]
[Black "Kovari, Emil"]
[Result "1-0"]
[WhiteElo "2355"]
[BlackElo "2099"]
[PlyCount "57"]
[EventDate "1997.??.??"]
[EventType "tourn (corr)"]
[EventRounds "14"]
[EventCountry "SVK"]
[EventCategory "2"]
[SourceTitle "Corr Nr. 1"]
[Source "ChessBase"]
[SourceDate "1997.09.01"]
[SourceVersion "2"]
[SourceVersionDate "2000.04.19"]
[SourceQuality "1"]

1. c4 Nf6 2. Nc3 g6 3. d4 d5 4. Nf3 Bg7 5. cxd5 Nxd5 6. e4 Nxc3 7. bxc3 c5 8. Rb1 0-0 9. Be2 Nc6 10. d5 Bxc3+ 11. Bd2 Bxd2+ 12. Qxd2 Na5 13. h4 Bg4 14. h5 Bxf3 15. gxf3 b6 16. Qh6 Qd6 17. hxg6 Qxg6 18. Qh2 Kh8 19. Kd2 f6 20. Rbg1 Qf7 21. e5 Rg8 22. e6 Rxg1 23. exf7 Rxh1 24. Qxh1 Rf8 25. Qh5 c4 26. Bd1 Kg7 27. Bc2 Rh8 28. Bxh7 Rxh7 29. Qxh7+ 1-0